| 000 | 01382nas1a22003011i 4500 | ||
|---|---|---|---|
| 001 | RU\NLR\Per\696853 | ||
| 005 | 20260408002850.0 | ||
| 035 | _a(NLR Aleph) 003157240 | ||
| 090 |
_a3066933 _c3066933 |
||
| 100 | _a20100803a20109999|||y0rusy50 ca | ||
| 101 | 0 | _arus | |
| 102 | _aRU | ||
| 110 | _aag||||||||| | ||
| 200 | 1 |
_aМеждународный аэропорт Якутск _eжурнал |
|
| 207 | 0 | _a2010, № 1 (март/апр.) - | |
| 210 |
_aЯкутск _cАнжелика Дружина _d2010 - |
||
| 517 | 1 | _aАэропорт Якутск | |
| 601 | 0 | 2 |
_a"Якутск", международный аэропорт _jПериодические издания _92606516 _3RU\NLR\AUTH\661543074 |
| 686 | 1 | _aУ37(2)510.3(2Р-6Я)я54 | |
| 712 | 0 | 2 |
_4570 _a"Якутск", международный аэропорт _9830539 _3RU\NLR\AUTH\8810167347 |
| 852 |
_aNLR _jП23/7981 |
||
| 942 | _cJOURNAL | ||
| 980 | _aRUSPER | ||